000 00830cab a2200229 4500
001 X3646
008 090401t1996 xxu||||| |||| 00| 0 eng d
035 _a(Sirsi) u31802
041 _aeng
245 _aR v Wicks
260 _c1996
350 _a0
490 _aJournal of Planning and Environment Law
_v1996 JPL 743-753(11)
520 _aCA 11 April 1995. Enforcement notice. Stop notice. Appeal againstnst enforcement notice dismissed. Prosecution for non-compliance.. Effectivness of challenge to validity of notice as defence to prosecution. Invalidity andd nullity distinguished. (Headnote abstract)
650 _aENFORCEMENT NOTICES
650 _aNON-COMPLIANCE
650 _aNULL AND VOID
650 _aVALIDITY OF NOTICE
690 _aPLANNING LAW AND PRACTICE-CASE LAW
942 _n0
948 _c04/03/1997
999 _c21348
_d21348